书目信息 |
| 题名: |
线性代数与解析几何习题集解析
|
|
| 作者: | 郑广平 编著 | |
| 分册: | ||
| 出版信息: | 上海 复旦大学出版社 2006.04 |
|
| 页数: | 298页 | |
| 开本: | 21cm | |
| 丛书名: | ||
| 单 册: | ||
| 中图分类: | O182-44 , O151.2-44 | |
| 科图分类: | ||
| 主题词: | 线性代数--xian xing dai shu--高等学校--解题 , 解析几何--jie xi ji he--高等学校--解题 | |
| 电子资源: | ||
| ISBN: | 7-309-04932-2 | |
| 000 | 00881nam0 2200253 450 | |
| 001 | 012006758883 | |
| 005 | 20060626094008.17 | |
| 010 | @a7-309-04932-2@dCNY27.00 | |
| 100 | @a20060518d2006 km y0chiy0120 ea | |
| 101 | 0 | @achi |
| 102 | @aCN@b310000 | |
| 105 | @ay aq 000yy | |
| 200 | 1 | @a线性代数与解析几何习题集解析@Axian xing dai shu yu jie xi ji he xi ti ji jie xi@f郑广平编著@Fzheng guang ping bian zhu |
| 210 | @a上海@c复旦大学出版社@d2006.04 | |
| 215 | @a298页@d21cm | |
| 320 | @a有书目。 | |
| 330 | @a本书是线性代数与解析几何习题集解析,较为系统地汇总了线性代数与解析几何的基本理论与方法。 | |
| 606 | 0 | @a线性代数@Axian xing dai shu@x高等学校@j解题 |
| 606 | 0 | @a解析几何@Ajie xi ji he@x高等学校@j解题 |
| 690 | @aO182-44@v4 | |
| 690 | @aO151.2-44@v4 | |
| 701 | 0 | @a郑广平@Azheng guang ping@4编著 |
| 801 | 0 | @aCN@bQSSK@c20060626 |
| 905 | @a10447@dO151.2-44@eZ432 | |
| 线性代数与解析几何习题集解析/郑广平编著.-上海:复旦大学出版社,2006.04 |
| 298页;21cm |
| ISBN 7-309-04932-2:CNY27.00 |
| 本书是线性代数与解析几何习题集解析,较为系统地汇总了线性代数与解析几何的基本理论与方法。 |
| ● |
| 相关链接 |
|
|
|
正题名:线性代数与解析几何习题集解析
索取号:O151.2-44/Z432
 
预约/预借
| 序号 | 登录号 | 条形码 | 馆藏地/架位号 | 状态 | 备注 |
| 1 | 580975 | 205809758 | 自科库401/401自科库 72排1列4层/ [索取号:O151.2-44/Z432] | 在馆 | |
| 2 | 580976 | 205809767 | 自科库401/401自科库 72排1列4层/ [索取号:O151.2-44/Z432] | 在馆 | |
| 3 | 580977 | 205809776 | 自科库401/401自科库 72排1列4层/ [索取号:O151.2-44/Z432] | 在馆 |